Największe państwa w historii świata - Statystyki

Ogólne statystyki
  • Ten quiz został rozwiązany 81 razy
  • Średni wynik to 8 z 20
Statystyki odpowiedzi
Pozycja Powierzchnia (w km2) Państwo % Poprawnych
5. 17.1mln Rosja
86%
15. 9.5mln Chiny
82%
14. 9.7mln Stany Zjednoczone
80%
13. 10.0mln Kanada
77%
17. 8.5mln Brazylia
68%
4. 22.3mln Związek Radziecki
63%
19. 8.2mln Australia
56%
1. 35.5mln Imperium Brytyjskie
49%
2. 24.0mln Imperium Mongolskie
48%
8. 11.5mln Imperium Francuskie
42%
7. 13.7mln Imperium Hiszpańskie
37%
12. 10.4mln Imperium Portugalskie
32%
3. 22.8mln Imperium Rosyjskie
27%
6. 14.7mln Dynastia Qing
13%
9. 11.1mln Kalifat Abbasydów
10%
10. 11.1mln Kalifat Umajjadów
10%
20. 7.4mln Cesarstwo Wielkiej Japonii
7%
11. 11.0mln Dynastia Yuan
6%
16. 9.0mln Xiongnu
3%
18. 8.3mln Cesarstwo Brazylii
1%
Nie znaleziono quizów pasujących do podanych kryteriów
Rozkład punktacji
Procent ludzi z każdym wynikiem
Percentyl według liczby udzielonych odpowiedzi
Twoja historia wyników
Nie rozwiązałeś tego quizu